| 000 | 01396nam0a2200325 4500 | ||
|---|---|---|---|
| 001 | RU\NLR\bibl\1227023 | ||
| 005 | 20260405144554.0 | ||
| 010 |
_a5-89415-400-6 _93000 |
||
| 021 |
_aRU _b2008-21313 _91170 |
||
| 035 | _a(NLR Aleph) 001213326 | ||
| 090 |
_a92100 _c92100 |
||
| 100 | _a20080515d2008 |||y0rusy50 ca | ||
| 101 | 0 | _arus | |
| 102 | _aRU | ||
| 105 | _ay ||||||||| | ||
| 200 | 1 |
_aКак организовать проектную деятельность учащихся _eпрактическое пособие для работников общеобразовательных учреждений _fИ.С. Сергеев |
|
| 205 | _a[6-е изд., испр. и доп.] | ||
| 210 |
_aМосква _cАРКТИ _d2008 |
||
| 215 |
_a76, [2] с. _d21 |
||
| 225 | 1 | _aМетодическая библиотека | |
| 320 | _aБиблиогр. в конце кн. (35 назв.) | ||
| 606 | 1 |
_aШколы _jПрактические пособия _xУчебно-воспитательная работа _xПроектов метод _92333671 _3RU\NLR\auth\661395360 |
|
| 686 | _aЧ421.21я7 | ||
| 700 | 1 |
_4070 _7ca _8rus _aСергеев _bИ. С. _cд-р пед. наук _gИгорь Станиславович _943080 _3RU\NLR\AUTH\7760149 |
|
| 801 | 0 |
_aRU _bNLR _c20080515 _gRCR |
|
| 801 | 1 |
_aRU _bNLR _c20080515 |
|
| 942 | _cBOOK | ||
| 980 | _aNB | ||